书目信息 |
| 题名: |
车工计算手册
|
|
| 作者: | 陈家芳 编 | |
| 分册: | ||
| 出版信息: | 北京 机械工业出版社 1978 |
|
| 页数: | 598页 | |
| 开本: | 13cm | |
| 丛书名: | ||
| 单 册: | ||
| 中图分类: | TG501-62 | |
| 科图分类: | ||
| 主题词: | 金属切削--计算--手册 , 机床 , 金属加工--机具 | |
| 电子资源: | ||
| ISBN: | ||
| 000 | 00676nam0 2200253 45 | |
| 001 | 0178002123 | |
| 005 | 20060913104148.45 | |
| 010 | @dCNY0.81 | |
| 091 | @a15033.9529 | |
| 100 | @a19950731d1978 em y0chiy0121 ea | |
| 101 | 0 | @achi |
| 102 | @aCN@b110000 | |
| 105 | @ay z 000yy | |
| 200 | 10 | @a车工计算手册@Ache gong ji suan shou ce@f陈家芳编@Fchen jia fang bian |
| 205 | @a新2版@b修订本 | |
| 210 | @a北京@c机械工业出版社@d1978 | |
| 215 | @a598页@d13cm | |
| 606 | @a金属切削@x计算@x手册 | |
| 606 | 0 | @a机床 |
| 606 | 0 | @a金属加工@x机具 |
| 690 | @aTG501-62@v3 | |
| 701 | 0 | @a陈家芳@Achen jia fang@4编 |
| 801 | 0 | @aCN@bTSSF@c20060913 |
| 905 | @a10447@dTG501-62@e37 | |
| 车工计算手册/陈家芳编.-新2版,修订本.-北京:机械工业出版社,1978 |
| 598页;13cm |
| ISBN :CNY0.81 |
| ● |
| 相关链接 |
|
|
|
|
正题名:车工计算手册
索取号:TG501-62/37
 
预约/预借
| 序号 | 登录号 | 条形码 | 馆藏地/架位号 | 状态 | 备注 |
| 1 | 0003124 | 202346372 | 密集书库/ [索取号:TG501-62/37] | 在馆 | |
| 2 | 0003125 | 202144722 | 密集书库/ [索取号:TG501-62/37] | 在馆 | |
| 3 | 0470576 | 204705765 | 密集书库/ [索取号:TG501-62/37] | 在馆 |